000 00325nam a2200133Ia 4500
005 20251222144651.0
008 251222s9999||||xx |||||||||||||| ||spa||
020 _a84-01-37801-X
082 _a306.42/A44
100 _aAlmiron, Núria
245 0 _aLos Amos de la Globalización:
264 _bPlaza & Janés
942 _cLIB
999 _c17052
_d17052